Ciudades por imagen #1 - Estadísticas

Estadísticas generales
  • Esta prueba ha sido intentada 84 veces
  • La puntuación promedio es 8 de 16
Estadísticas de respuestas
Imagen Respuesta % Correcto
Washington
92%
Madrid
89%
Amsterdam
85%
Tokio
85%
Buenos Aires
71%
Estambul
67%
Pekin
62%
La Habana
59%
Jerusalén
42%
Munich
29%
Nuuk
23%
Riga
21%
Liubliana
18%
Lyon
12%
Erevan
11%
Auckland
6%
No se encontraron pruebas coincidentes
Distribución de puntuación
Porcentaje de gente con cada puntuación
Porcentaje por número respondido
Historial de tus puntuaciones
No has intentado esta prueba.